000 00500nam a2200169Ia 4500
008 230917s9999||||xx |||||||||||||| ||und||
020 _cUSD139.99
040 _e255636
_aMAIN
041 _aEnglish
082 _a570.11 M355M
100 _aMarshall, Christina, ed.
245 0 _aModelling biological systems: A computational approach
260 _aNew York
_bSyrawood Publishing House
_c2016
300 _avii, 186 p.
500 _a3471 08/05/2019 RBP19/75881 31/05/2019 Main Budget
942 _cBK
999 _c31251
_d31251